[Event "Sofia Spring op 1st"]
[Site "Sofia"]
[Date "2025.05.28"]
[Round "8"]
[White "Ninov, Nikolai"]
[Black "Yilmaz, Baver"]
[Result "0-1"]
[WhiteElo "2325"]
[BlackElo "2233"]
[PlyCount "72"]
[EventDate "2025.05.23"]
[EventType "swiss"]
[EventRounds "9"]
[EventCountry "BUL"]
[SourceTitle "CB23_2025"]
[SourceDate "2025.06.04"]
[SourceVersion "1"]
[SourceVersionDate "2025.06.04"]
[SourceQuality "1"]

1. e4 e5 2. Nf3 Nc6 3. d4 exd4 4. Nxd4 Bc5 5. Nb3 Bb6 6. Qe2 d6 7. Nc3 Nge7 8. Be3 0-0 9. 0-0-0 f5 10. f4 fxe4 11. Bxb6 axb6 12. Qxe4 Bf5 13. Bc4+ Kh8 14. Qe2 Ng6 15. Rdf1 Nb4 16. a3 d5 17. axb4 Re8 18. Qh5 dxc4 19. Qxf5 cxb3 20. cxb3 Qd4 21. Kb1 Qxb4 22. Qb5 Qd6 23. Qd5 Qf8 24. f5 Ne5 25. Qxb7 c6 26. Qxb6 Rab8 27. Qd4 Rxb3 28. f6 gxf6 29. Kc2 Rb4 30. Qa7 Nc4 31. Nd1 Re2+ 32. Kc3 Qd6 33. Qa8+ Rb8 34. Qxb8+ Qxb8 35. Kxc4 Rc2+ 36. Kd4 Qe5+ 0-1

[Event "Sofia Spring op 1st"]
[Site "Sofia"]
[Date "2025.05.25"]
[Round "4"]
[White "Zwirs, Nico"]
[Black "Ninov, Nikolai"]
[Result "1/2-1/2"]
[WhiteElo "2454"]
[BlackElo "2325"]
[PlyCount "161"]
[EventDate "2025.05.23"]
[EventType "swiss"]
[EventRounds "9"]
[EventCountry "BUL"]
[SourceTitle "CB23_2025"]
[SourceDate "2025.06.04"]
[SourceVersion "1"]
[SourceVersionDate "2025.06.04"]
[SourceQuality "1"]

1. e4 d6 2. d4 Nf6 3. Nc3 e5 4. Nf3 Nbd7 5. Bc4 Be7 6. a4 0-0 7. 0-0 c6 8. Re1 h6 9. h3 Re8 10. a5 Bf8 11. Be3 exd4 12. Bxd4 b5 13. axb6 Nxb6 14. Bb3 Be6 15. Bxe6 Rxe6 16. Qd3 a5 17. Be3 c5 18. Bf4 d5 19. exd5 Rxe1+ 20. Nxe1 Nfxd5 21. Nxd5 Qxd5 22. Qb5 Qc4 23. Qxc4 Nxc4 24. b3 Bd6 25. Ra4 Bxf4 26. Rxc4 Bd6 27. Nd3 Rc8 28. Kf1 f5 29. Ra4 Kf7 30. Rxa5 c4 31. Ne5+ Bxe5 32. Rxe5 Kf6 33. Re1 cxb3 34. cxb3 Rc2 35. Re2 Rc1+ 36. Re1 Rc2 37. g3 Rb2 38. Re3 h5 39. Kg2 g5 40. Rc3 g4 41. h4 Ke5 42. Rc5+ Ke6 43. Rb5 Rb1 44. Rb8 Kf6 45. b4 Kg7 46. b5 f4 47. gxf4 Rb4 48. Rb7+ Kf6 49. f5 Kxf5 50. b6 Kg6 51. Rb8 Kg7 52. Rb7+ Kg6 53. Rb8 Kg7 54. Kf1 Rb2 55. Ke1 Kh7 56. Rb7+ Kg6 57. Rb8 Kh7 58. b7 Kg7 59. Kd1 Rb6 60. Kc2 Rb4 61. Kc3 Rb1 62. Kd4 Rb4+ 63. Ke5 Rb2 64. Kd5 Rd2+ 65. Kc4 Rb2 66. Kc3 Rb1 67. Kd2 Rb2+ 68. Ke3 Rb3+ 69. Kf4 Rb5 70. Ke4 Rb2 71. Ke3 Rb3+ 72. Kf4 Rb5 73. Rc8 Rxb7 74. Rc5 Kg6 75. Rc6+ Kg7 76. Rc5 Kg6 77. Rg5+ Kh6 78. Re5 Rb2 79. Re6+ Kg7 80. Kg5 Rb5+ 81. Kf4 1/2-1/2

[Event "Pozarevac Rudar IM 02"]
[Site "Pozarevac"]
[Date "2025.02.09"]
[Round "5.4"]
[White "Ninov, Nikolai"]
[Black "Van Zyl Rudd, Jack"]
[Result "1/2-1/2"]
[WhiteElo "2355"]
[BlackElo "2233"]
[PlyCount "55"]
[EventDate "2025.02.05"]
[EventType "tourn"]
[EventRounds "9"]
[EventCountry "SRB"]
[EventCategory "1"]
[SourceTitle "CB08_2025"]
[SourceDate "2025.02.19"]
[SourceVersion "1"]
[SourceVersionDate "2025.02.19"]
[SourceQuality "1"]

1. e4 c5 2. Nc3 d6 3. Nge2 Nf6 4. g3 g6 5. Bg2 Bg7 6. d4 cxd4 7. Nxd4 0-0 8. 0-0 Nc6 9. Nde2 Rb8 10. a4 a6 11. Nd5 Bg4 12. h3 Bxe2 13. Qxe2 b5 14. axb5 axb5 15. Bg5 e6 16. Nxf6+ Bxf6 17. Bxf6 Qxf6 18. c3 Rfc8 19. Qd2 Qe5 20. Rfd1 b4 21. Qxd6 Qxd6 22. Rxd6 Ne5 23. cxb4 Rxb4 24. f4 Nc4 25. Rd4 Rxb2 26. Rc1 Rxg2+ 27. Kxg2 Ne3+ 28. Kf3 1/2-1/2

[Event "Heilbronn WEM"]
[Site "Heilbronn"]
[Date "2024.08.02"]
[Round "2"]
[White "Ninov, Nikolai"]
[Black "Braun, Georg"]
[Result "1/2-1/2"]
[WhiteElo "2365"]
[BlackElo "2381"]
[PlyCount "60"]
[EventDate "2024.08.01"]
[EventType "tourn"]
[EventRounds "9"]
[EventCountry "GER"]
[EventCategory "2"]
[SourceTitle "CBM 221 Extra"]
[Source "ChessBase"]
[SourceDate "2024.09.30"]
[SourceVersion "1"]
[SourceVersionDate "2024.09.30"]
[SourceQuality "1"]

1. e4 Nc6 2. d4 d5 3. Nc3 dxe4 4. d5 Nb8 5. Bf4 Nf6 6. Bb5+ c6 7. dxc6 Qxd1+ 8. Rxd1 Nxc6 9. Nge2 Bd7 10. Ng3 a6 11. Ba4 b5 12. Bb3 Na5 13. Nd5 Nxd5 14. Bxd5 Bc6 15. Bxc6+ Nxc6 16. Nxe4 f5 17. Nc3 e5 18. Be3 Bb4 19. Ke2 Bxc3 20. bxc3 0-0 21. Rd5 Rfd8 22. Rc5 Rac8 23. g3 Kf7 24. a4 bxa4 25. Ra1 Ne7 26. Rxe5 Rxc3 27. Rxa4 Rxc2+ 28. Kf3 Rc6 29. Bg5 Rd3+ 30. Kg2 Rd7 1/2-1/2

[Event "Heilbronn WEM"]
[Site "Heilbronn"]
[Date "2024.08.02"]
[Round "7"]
[White "Ninov, Nikolai"]
[Black "Schnepp, Gunnar"]
[Result "1/2-1/2"]
[WhiteElo "2365"]
[BlackElo "2225"]
[PlyCount "107"]
[EventDate "2024.08.01"]
[EventType "tourn"]
[EventRounds "9"]
[EventCountry "GER"]
[EventCategory "2"]
[SourceTitle "CBM 221 Extra"]
[Source "ChessBase"]
[SourceDate "2024.09.30"]
[SourceVersion "1"]
[SourceVersionDate "2024.09.30"]
[SourceQuality "1"]

1. e4 c5 2. Nf3 d6 3. Bb5+ Bd7 4. Bxd7+ Qxd7 5. 0-0 Nc6 6. c3 Nf6 7. Qe2 e6 8. d4 cxd4 9. cxd4 d5 10. e5 Ne4 11. Nbd2 Nxd2 12. Bxd2 Be7 13. Rac1 0-0 14. Rc3 Rfc8 15. Rfc1 Nd8 16. Qd3 Rxc3 17. Qxc3 Nc6 18. h3 Bb4 19. Qd3 Bxd2 20. Qxd2 Rc8 21. b3 b6 22. Ne1 a5 23. f4 Na7 24. Rc2 h6 25. a4 Nc6 26. Qc1 Kf8 27. Kf2 Ke7 28. Nf3 Nb4 29. Rxc8 Nd3+ 30. Ke3 Nxc1 31. Rxc1 b5 32. axb5 Qxb5 33. Nd2 g5 34. fxg5 hxg5 35. Rc7+ Kf8 36. Rc3 Kg7 37. Kf2 Qb4 38. Rd3 Qa3 39. Ke2 Qb2 40. Kd1 Kg6 41. g4 Kg7 42. Nf3 Kh6 43. Nd2 Kg6 44. Nf3 Qb1+ 45. Kd2 Qf1 46. Ne1 Qf2+ 47. Kd1 Kg7 48. Nc2 Kf8 49. Re3 Ke7 50. Kc1 Qf1+ 51. Kb2 Qd1 52. Rg3 Qd2 53. Rf3 Qd1 54. Rg3 1/2-1/2

[Event "Heilbronn WEM"]
[Site "Heilbronn"]
[Date "2024.08.02"]
[Round "1"]
[White "Soham, Das1"]
[Black "Ninov, Nikolai"]
[Result "1/2-1/2"]
[WhiteElo "2334"]
[BlackElo "2365"]
[PlyCount "68"]
[EventDate "2024.08.01"]
[EventType "tourn"]
[EventRounds "9"]
[EventCountry "GER"]
[EventCategory "2"]
[SourceTitle "CBM 221 Extra"]
[Source "ChessBase"]
[SourceDate "2024.09.30"]
[SourceVersion "1"]
[SourceVersionDate "2024.09.30"]
[SourceQuality "1"]

1. e4 e5 2. Nf3 Nc6 3. d3 g6 4. Bg5 f6 5. Bc1 d5 6. exd5 Qxd5 7. Nc3 Bb4 8. Bd2 Qf7 9. a3 Ba5 10. b4 Bb6 11. Na4 Nge7 12. Be2 0-0 13. b5 Nd4 14. Nxb6 axb6 15. Nxd4 exd4 16. 0-0 Be6 17. Re1 Rfe8 18. Qb1 Nf5 19. Qb2 Bd5 20. Bf1 Rxe1 21. Rxe1 Re8 22. Rxe8+ Qxe8 23. c4 Bf7 24. Bf4 Qd7 25. g3 g5 26. Bc1 Ng7 27. Bg2 Ne6 28. h4 Nc5 29. Qe2 h6 30. hxg5 hxg5 31. Qf3 Kg7 32. Bb2 Qd6 33. Bf1 Bg6 34. Qd1 Qe5 1/2-1/2

[Event "Dimitrovgrad"]
[Site "Dimitrovgrad"]
[Date "2024.06.04"]
[Round "9"]
[White "Ninov, Nikolai"]
[Black "Xie, Bryan"]
[Result "1/2-1/2"]
[WhiteElo "2387"]
[BlackElo "2281"]
[PlyCount "23"]
[EventDate "2024.05.29"]
[EventType "tourn"]
[EventRounds "9"]
[EventCountry "SRB"]
[SourceTitle "CBM 220 Extra"]
[Source "ChessBase"]
[SourceDate "2024.07.31"]
[SourceVersion "1"]
[SourceVersionDate "2024.07.31"]
[SourceQuality "1"]

1. e4 e5 2. Nf3 Nf6 3. Nxe5 d6 4. Nf3 Nxe4 5. d3 Nf6 6. d4 d5 7. Bd3 Be7 8. 0-0 0-0 9. h3 Re8 10. Bf4 Bd6 11. Bxd6 Qxd6 12. c3 1/2-1/2

[Event "Pozarevac Rudar IM 02"]
[Site "Pozarevac"]
[Date "2024.02.15"]
[Round "9"]
[White "Ninov, Nikolai"]
[Black "Ilincic, Zlatko"]
[Result "1/2-1/2"]
[WhiteElo "2413"]
[BlackElo "2294"]
[PlyCount "24"]
[EventDate "2024.02.08"]
[EventType "tourn"]
[EventRounds "9"]
[EventCountry "SRB"]
[SourceTitle "CBM 218 Extra"]
[Source "ChessBase"]
[SourceDate "2024.03.31"]
[SourceVersion "1"]
[SourceVersionDate "2024.03.31"]
[SourceQuality "1"]

1. e4 e5 2. Nf3 Nf6 3. Nxe5 d6 4. Nd3 Nxe4 5. Qe2 Qe7 6. Nf4 c6 7. d3 Nf6 8. Nc3 d5 9. Bd2 Nbd7 10. 0-0-0 Qxe2 11. Bxe2 Bd6 12. Rhe1 0-0 1/2-1/2

[Event "Pozarevac Rudar IM 02"]
[Site "Pozarevac"]
[Date "2024.02.14"]
[Round "8"]
[White "Potluri, Saye Srreezza"]
[Black "Ninov, Nikolai"]
[Result "0-1"]
[WhiteElo "1983"]
[BlackElo "2413"]
[PlyCount "106"]
[EventDate "2024.02.08"]
[EventType "tourn"]
[EventRounds "9"]
[EventCountry "SRB"]
[SourceTitle "CBM 218 Extra"]
[Source "ChessBase"]
[SourceDate "2024.03.31"]
[SourceVersion "1"]
[SourceVersionDate "2024.03.31"]
[SourceQuality "1"]

1. d4 Nf6 2. c4 e6 3. Nc3 Bb4 4. Qc2 0-0 5. e4 Bxc3+ 6. bxc3 d6 7. e5 dxe5 8. dxe5 Nfd7 9. Nf3 h6 10. Ba3 c5 11. Bc1 Nc6 12. Qe4 f5 13. exf6 Qxf6 14. Bd2 Nde5 15. Be2 Qg6 16. Qxg6 Nxg6 17. Bd3 Nge5 18. Nxe5 Nxe5 19. Be2 b6 20. f4 Nf7 21. Bf3 Rb8 22. f5 Ne5 23. 0-0 Nxf3+ 24. Rxf3 Rxf5 25. Bf4 Ra8 26. Rd1 Ba6 27. Rd7 Bxc4 28. a3 Bd5 29. Rf2 Raf8 30. Bg3 Rxf2 31. Bxf2 Rf7 32. Rd8+ Kh7 33. Bg3 Kg6 34. Rc8 Kf5 35. Rc7 e5 36. Rc8 Be6 37. Ra8 Rd7 38. Rf8+ Bf7 39. Kf2 Ke6 40. Ra8 Bg6 41. Ke2 Bh5+ 42. Ke1 Kd5 43. Kd2 Kc4+ 44. Ke3 Kxc3 45. Bxe5+ Kb3 46. Rg8 Re7 47. Ke4 g5 48. Rh8 Bg6+ 49. Kd5 Bf7+ 50. Ke4 c4 51. Rxh6 c3 52. Rh3 Kb2 53. Re3 Rxe5+ 0-1

[Event "Pozarevac Rudar IM 02"]
[Site "Pozarevac"]
[Date "2024.02.11"]
[Round "4"]
[White "Popchev, Milko"]
[Black "Ninov, Nikolai"]
[Result "1/2-1/2"]
[WhiteElo "2186"]
[BlackElo "2413"]
[PlyCount "23"]
[EventDate "2024.02.08"]
[EventType "tourn"]
[EventRounds "9"]
[EventCountry "SRB"]
[SourceTitle "CBM 218 Extra"]
[Source "ChessBase"]
[SourceDate "2024.03.31"]
[SourceVersion "1"]
[SourceVersionDate "2024.03.31"]
[SourceQuality "1"]

1. c4 c5 2. Nc3 Nc6 3. g3 g6 4. Bg2 Bg7 5. d3 Nf6 6. e4 d6 7. Nge2 0-0 8. 0-0 Bg4 9. h3 Bxe2 10. Nxe2 Nd7 11. g4 e6 12. Ng3 1/2-1/2

[Event "Pozarevac Rudar IM 02"]
[Site "Pozarevac"]
[Date "2024.02.09"]
[Round "2"]
[White "Spasic, Petar"]
[Black "Ninov, Nikolai"]
[Result "1/2-1/2"]
[WhiteElo "2343"]
[BlackElo "2413"]
[PlyCount "46"]
[EventDate "2024.02.08"]
[EventType "tourn"]
[EventRounds "9"]
[EventCountry "SRB"]
[SourceTitle "CBM 218 Extra"]
[Source "ChessBase"]
[SourceDate "2024.03.31"]
[SourceVersion "1"]
[SourceVersionDate "2024.03.31"]
[SourceQuality "1"]

1. Nf3 c5 2. g3 g6 3. Bg2 Bg7 4. 0-0 Nc6 5. c4 e6 6. Nc3 Nge7 7. e3 0-0 8. d4 cxd4 9. Nxd4 Nxd4 10. exd4 d5 11. cxd5 Nxd5 12. Nxd5 exd5 13. Be3 Be6 14. Qb3 Qb6 15. Rfc1 Bxd4 16. Bxd4 Qxd4 17. Rd1 Qc4 18. Bxd5 Qxb3 19. axb3 Rad8 20. Bxb7 Rxd1+ 21. Rxd1 Rb8 22. Bd5 Bxd5 23. Rxd5 Rxb3 1/2-1/2

[Event "Pozarevac Rudar IM 10"]
[Site "Pozarevac"]
[Date "2023.11.02"]
[Round "4.2"]
[White "Ninov, Nikolai"]
[Black "Djokic, Nebojsa"]
[Result "1-0"]
[WhiteElo "2404"]
[BlackElo "2190"]
[PlyCount "125"]
[EventDate "2023.10.30"]
[EventType "tourn"]
[EventRounds "9"]
[EventCountry "SRB"]
[SourceTitle "CBM 217 Extra"]
[Source "ChessBase"]
[SourceDate "2024.01.31"]
[SourceVersion "1"]
[SourceVersionDate "2024.01.31"]
[SourceQuality "1"]

1. e4 c5 2. Nf3 Nc6 3. d4 cxd4 4. Nxd4 Nf6 5. Nc3 e5 6. Ndb5 d6 7. Bg5 a6 8. Na3 b5 9. Nd5 Qa5+ 10. Bd2 Qd8 11. Bd3 Nxd5 12. exd5 Ne7 13. c4 g6 14. cxb5 Bg7 15. Qb3 0-0 16. b6 Rb8 17. Ba5 Bb7 18. Bc4 Nf5 19. 0-0 Nd4 20. Qd3 f5 21. f3 Re8 22. Rae1 Qh4 23. g3 Qe7 24. Bc3 Qf7 25. Bxd4 exd4 26. Re6 Bc8 27. Rxd6 Qf8 28. Rc6 Re3 29. Qd2 Bd7 30. Nc2 Rc8 31. Nxd4 Bxc6 32. dxc6+ Kh8 33. Ne6 Rxe6 34. Bxe6 Qc5+ 35. Kg2 Qxc6 36. Bd5 Qxb6 37. b3 a5 38. Bc4 Rd8 39. Qe2 Qd6 40. f4 Qd2 41. Rf2 Qxe2 42. Rxe2 Bc3 43. Kf3 Bb4 44. h3 Kg7 45. g4 Rd2 46. Re8 fxg4+ 47. hxg4 h6 48. a4 Rd7 49. Re6 Re7 50. Rc6 Bd2 51. Be6 Bb4 52. Ke4 Re8 53. Ke5 Ba3 54. Rc2 Re7 55. f5 gxf5 56. gxf5 Re8 57. f6+ Kh8 58. Rh2 Bf8 59. Rg2 Rd8 60. Rg8+ Kh7 61. f7 h5 62. Bf5+ Kh6 63. Rg6+ 1-0

[Event "Panagyurishte op 9th"]
[Site "Panagyurishte"]
[Date "2023.05.28"]
[Round "2"]
[White "Tomov, Stoyan"]
[Black "Ninov, Nikolai"]
[Result "0-1"]
[WhiteElo "1568"]
[BlackElo "2402"]
[PlyCount "58"]
[EventDate "2023.05.28"]
[EventType "swiss"]
[EventRounds "7"]
[EventCountry "BUL"]
[SourceTitle "CBM 214 Extra"]
[Source "ChessBase"]
[SourceDate "2023.07.31"]
[SourceVersion "1"]
[SourceVersionDate "2023.07.31"]
[SourceQuality "1"]

1. Nf3 c5 2. e3 b6 3. d4 cxd4 4. exd4 Nf6 5. c4 e6 6. Bd3 Bb7 7. 0-0 Be7 8. Bg5 h6 9. Bh4 Bxf3 10. Qxf3 Nc6 11. Qe3 0-0 12. Nc3 Rc8 13. Rac1 Nb4 14. Rfd1 Ng4 15. Bxe7 Nxe3 16. Bxd8 Nxd1 17. Rxd1 Nxd3 18. Rxd3 Rfxd8 19. b3 d5 20. cxd5 Rxd5 21. g3 Rd7 22. Kg2 Rcd8 23. Kf3 Rxd4 24. Rxd4 Rxd4 25. Ke3 Rd7 26. b4 f5 27. a4 Kf7 28. f4 e5 29. fxe5 Ke6 0-1

[Event "Pozarevac Rudar 10th"]
[Site "Pozarevac"]
[Date "2023.02.09"]
[Round "9"]
[White "Tekeyev, Zaur"]
[Black "Ninov, Nikolai"]
[Result "1/2-1/2"]
[WhiteElo "2397"]
[BlackElo "2401"]
[PlyCount "20"]
[EventDate "2023.02.02"]
[EventType "tourn"]
[EventRounds "9"]
[EventCountry "SRB"]
[SourceTitle "CBM 212 Extra"]
[Source "ChessBase"]
[SourceDate "2023.03.31"]
[SourceVersion "1"]
[SourceVersionDate "2023.03.31"]
[SourceQuality "1"]

1. e4 e5 2. Nf3 Nf6 3. Nc3 Nc6 4. d4 exd4 5. Nxd4 Bb4 6. Nxc6 bxc6 7. Bd3 0-0 8. 0-0 d5 9. exd5 cxd5 10. Bg5 c6 1/2-1/2

[Event "Pozarevac Rudar 10th"]
[Site "Pozarevac"]
[Date "2023.02.07"]
[Round "7"]
[White "Tosic, Nebojsa"]
[Black "Ninov, Nikolai"]
[Result "0-1"]
[WhiteElo "2078"]
[BlackElo "2401"]
[PlyCount "80"]
[EventDate "2023.02.02"]
[EventType "tourn"]
[EventRounds "9"]
[EventCountry "SRB"]
[SourceTitle "CBM 212 Extra"]
[Source "ChessBase"]
[SourceDate "2023.03.31"]
[SourceVersion "1"]
[SourceVersionDate "2023.03.31"]
[SourceQuality "1"]

1. e4 c5 2. c3 d5 3. exd5 Qxd5 4. d4 Nc6 5. Nf3 Bg4 6. Be2 cxd4 7. cxd4 e6 8. Nc3 Qa5 9. h3 Bh5 10. 0-0 Nf6 11. a3 Bd6 12. Be3 0-0 13. Qb3 Ne7 14. Rfe1 Ned5 15. Nd2 Bxe2 16. Rxe2 Rfc8 17. Nde4 Nxe4 18. Nxe4 Qc7 19. Bd2 b6 20. Qf3 Be7 21. Bg5 Bxg5 22. Nxg5 Qf4 23. Qxf4 Nxf4 24. Rd2 Rc7 25. g3 Nd5 26. Kf1 Rac8 27. Ke2 a5 28. Re1 Rc6 29. f4 f6 30. Nf3 b5 31. Red1 h5 32. Ne1 h4 33. gxh4 Nxf4+ 34. Kf3 Nd5 35. Nd3 Kf7 36. Rg2 Ne7 37. Ke4 Rh8 38. h5 Rxh5 39. Nf4 Rh4 40. Kf3 g5 0-1

[Event "Pozarevac Rudar Nesic Memorial 9th"]
[Site "Pozarevac"]
[Date "2023.01.30"]
[Round "7"]
[White "Ninov, Nikolai"]
[Black "Tregubenko, Nikolay"]
[Result "1-0"]
[WhiteElo "2401"]
[BlackElo "1916"]
[PlyCount "71"]
[EventDate "2023.01.25"]
[EventType "tourn"]
[EventRounds "9"]
[EventCountry "SRB"]
[SourceTitle "CBM 212 Extra"]
[Source "ChessBase"]
[SourceDate "2023.03.31"]
[SourceVersion "1"]
[SourceVersionDate "2023.03.31"]
[SourceQuality "1"]

1. e4 c5 2. Nc3 d6 3. f4 g6 4. d4 cxd4 5. Qxd4 Nf6 6. e5 Nh5 7. Bb5+ Nc6 8. Be3 Bg7 9. 0-0-0 Bd7 10. Qe4 0-0 11. Nf3 Qa5 12. Nd4 Bg4 13. Bxc6 bxc6 14. Nxc6 Qc7 15. Nd5 Qb7 16. Ndxe7+ Kh8 17. Rxd6 Rfe8 18. Nd8 Qxe7 19. Qxa8 Bh6 20. Qb7 Qxb7 21. Nxb7 Re7 22. Rd8+ Kg7 23. Bc5 Bxf4+ 24. Kb1 Rd7 25. Bf8+ Kg8 26. Bd6+ Rxd8 27. Nxd8 Ng7 28. Rf1 Bxh2 29. Rxf7 h5 30. Rxa7 g5 31. Nf7 Ne6 32. Nh6+ Kh8 33. Nxg4 hxg4 34. Re7 Nd4 35. Bc5 Nc6 36. Re6 1-0

[Event "Pozarevac Rudar Nesic Memorial 9th"]
[Site "Pozarevac"]
[Date "2023.01.27"]
[Round "3"]
[White "Ninov, Nikolai"]
[Black "Novoselski, Zoran"]
[Result "1-0"]
[WhiteElo "2401"]
[BlackElo "2302"]
[PlyCount "83"]
[EventDate "2023.01.25"]
[EventType "tourn"]
[EventRounds "9"]
[EventCountry "SRB"]
[SourceTitle "CBM 212 Extra"]
[Source "ChessBase"]
[SourceDate "2023.03.31"]
[SourceVersion "1"]
[SourceVersionDate "2023.03.31"]
[SourceQuality "1"]

1. e4 c5 2. Nf3 Nc6 3. d4 cxd4 4. Nxd4 e5 5. Nb5 a6 6. Nd6+ Bxd6 7. Qxd6 Qf6 8. Qxf6 Nxf6 9. Nc3 d5 10. Bg5 Nxe4 11. Nxd5 0-0 12. Be3 Rd8 13. Nb6 Rb8 14. Nxc8 Rbxc8 15. Bd3 Nf6 16. 0-0-0 Nd5 17. Bg5 Nde7 18. Bxe7 Nxe7 19. Be4 Nc6 20. Bxc6 bxc6 21. Rxd8+ Rxd8 22. Re1 f6 23. Re3 Kf7 24. Rb3 Rd5 25. Rb6 e4 26. Rxa6 Rf5 27. f3 exf3 28. gxf3 Rxf3 29. Rxc6 Rh3 30. Rc7+ Kg6 31. b4 Rxh2 32. b5 Rh1+ 33. Kb2 Re1 34. b6 Re6 35. b7 Rb6+ 36. Kc1 h5 37. a4 h4 38. a5 h3 39. axb6 h2 40. b8Q h1Q+ 41. Kb2 Qe4 42. Rc3 1-0

[Event "Pozarevac Rudar Nesic Memorial 9th"]
[Site "Pozarevac"]
[Date "2023.01.25"]
[Round "1"]
[White "Ratkovic, Petar"]
[Black "Ninov, Nikolai"]
[Result "1-0"]
[WhiteElo "2095"]
[BlackElo "2401"]
[PlyCount "71"]
[EventDate "2023.01.25"]
[EventType "tourn"]
[EventRounds "9"]
[EventCountry "SRB"]
[SourceTitle "CBM 212 Extra"]
[Source "ChessBase"]
[SourceDate "2023.03.31"]
[SourceVersion "1"]
[SourceVersionDate "2023.03.31"]
[SourceQuality "1"]

1. d4 Nf6 2. Nf3 d5 3. e3 Bf5 4. c4 c6 5. Nc3 e6 6. Bd3 Bxd3 7. Qxd3 Nbd7 8. 0-0 Bd6 9. Rd1 Qe7 10. e4 dxc4 11. Qxc4 e5 12. Be3 Ng4 13. Bg5 f6 14. Bh4 exd4 15. Nxd4 Bxh2+ 16. Kh1 Nde5 17. Qb3 0-0-0 18. f3 g5 19. Be1 h5 20. Nf5 Qc5 21. Rxd8+ Rxd8 22. Ne2 Bf4 23. Nxf4 gxf4 24. Qe6+ Kc7 25. fxg4 hxg4 26. Qxf6 Rd7 27. Ng7 Qb5 28. Ne6+ Kb6 29. Bf2+ Ka5 30. b4+ Ka4 31. Nc5+ Ka3 32. Nxd7 g3 33. Qxe5 Qe2 34. Qc3+ Ka4 35. Nc5+ Kb5 36. Qd3+ 1-0

[Event "PNWCC-Bulgaria Hybrid 06"]
[Site "Chess.com INT"]
[Date "2022.06.19"]
[Round "?"]
[White "Pan, Kevin"]
[Black "Ninov, Nikolai"]
[Result "1/2-1/2"]
[WhiteElo "2308"]
[BlackElo "2412"]
[PlyCount "96"]
[EventDate "2022.06.18"]
[EventType "team-match"]
[EventRounds "4"]
[EventCountry "USA"]
[SourceTitle "EXT 2024"]
[Source "ChessBase"]
[SourceDate "2023.10.10"]
[SourceVersion "1"]
[SourceVersionDate "2023.10.10"]
[SourceQuality "1"]
[WhiteTeam "PNWCC"]
[BlackTeam "Bulgaria"]
[WhiteTeamCountry "USA"]
[BlackTeamCountry "BUL"]

1. e4 c5 2. Nc3 Nc6 3. g3 g6 4. Bg2 Bg7 5. d3 d6 6. Be3 Nd4 7. Qd2 Nf6 8. h3 e5 9. Nd1 d5 10. c3 Ne6 11. Bh6 dxe4 12. Bxg7 Nxg7 13. dxe4 Qxd2+ 14. Kxd2 b6 15. c4 Ba6 16. b3 0-0-0+ 17. Kc2 Ne6 18. Nc3 Nd4+ 19. Kb2 b5 20. cxb5 Nxb5 21. Nd5 Nxd5 22. exd5 Kc7 23. Ne2 Nd4 24. Nc3 f5 25. Rhe1 Kd6 26. Re3 Rhe8 27. Rae1 Bb5 28. h4 h5 29. Rc1 a6 30. Rce1 Re7 31. Nb1 e4 32. f3 exf3 33. Bxf3 Rxe3 34. Rxe3 Re8 35. Rxe8 Bxe8 36. Bg2 Ne2 37. Nd2 Nxg3 38. Nc4+ Ke7 39. a4 Ne4 40. Kc2 Nd6 41. Nb6 a5 42. Kd3 Bd7 43. Ke3 Bc8 44. Kf4 Kf6 45. Bf3 Ke7 46. Kg5 Kf7 47. Bg2 Kg7 48. Bf3 Kf7 1/2-1/2

[Event "PNWCC-Bulgaria Hybrid 06"]
[Site "Chess.com INT"]
[Date "2022.06.18"]
[Round "?"]
[White "Eswaran, Ashritha"]
[Black "Ninov, Nikolai"]
[Result "1/2-1/2"]
[WhiteElo "2308"]
[BlackElo "2412"]
[PlyCount "116"]
[EventDate "2022.06.18"]
[EventType "team-match"]
[EventRounds "4"]
[EventCountry "USA"]
[SourceTitle "EXT 2024"]
[Source "ChessBase"]
[SourceDate "2023.10.10"]
[SourceVersion "1"]
[SourceVersionDate "2023.10.10"]
[SourceQuality "1"]
[WhiteTeam "PNWCC"]
[BlackTeam "Bulgaria"]
[WhiteTeamCountry "USA"]
[BlackTeamCountry "BUL"]

1. e4 c5 2. Nf3 a6 3. c4 Nc6 4. d4 cxd4 5. Nxd4 e5 6. Nc2 Bc5 7. Nc3 Nf6 8. g3 d6 9. Bg2 Be6 10. Nd5 Nd4 11. 0-0 0-0 12. Bg5 Bxd5 13. exd5 Nxc2 14. Qxc2 b5 15. b4 Bd4 16. Rac1 Rc8 17. Qd3 bxc4 18. Rxc4 Rxc4 19. Qxc4 Qc8 20. Qc6 Qf5 21. Bxf6 gxf6 22. Qxa6 Rc8 23. Kh1 Rc2 24. a4 e4 25. Qxd6 Bxf2 26. Qe7 Qxd5 27. Qxe4 Qxe4 28. Bxe4 Re2 29. Bd5 Re1 30. Kg2 Rxf1 31. Kxf1 Bd4 32. Ke2 Kf8 33. g4 Ke7 34. Kd3 Bf2 35. Kc4 Kd6 36. a5 Be1 37. Bxf7 h6 38. Bd5 Bd2 39. a6 Be3 40. Kd3 Bg1 41. Ke4 Kc7 42. h3 Kb6 43. Bc4 Bf2 44. Kf5 Bh4 45. Ke6 Bg5 46. Kd6 Bd2 47. b5 Bf4+ 48. Kd7 Bg3 49. Ke7 Bh4 50. Kf7 Bg5 51. Kg6 Ka7 52. Kh5 Kb6 53. Kg6 Ka7 54. Kf7 Kb6 55. Ke8 Bh4 56. Kd7 Bg3 57. Kc8 Bf4 58. Kd7 Bg3 1/2-1/2

[Event "PNWCC-Bulgaria Hybrid 06"]
[Site "Chess.com INT"]
[Date "2022.06.18"]
[Round "?"]
[White "Ninov, Nikolai"]
[Black "Eswaran, Ashritha"]
[Result "0-1"]
[WhiteElo "2412"]
[BlackElo "2308"]
[PlyCount "94"]
[EventDate "2022.06.18"]
[EventType "team-match"]
[EventRounds "4"]
[EventCountry "USA"]
[SourceTitle "EXT 2024"]
[Source "ChessBase"]
[SourceDate "2023.10.10"]
[SourceVersion "1"]
[SourceVersionDate "2023.10.10"]
[SourceQuality "1"]
[WhiteTeam "Bulgaria"]
[BlackTeam "PNWCC"]
[WhiteTeamCountry "BUL"]
[BlackTeamCountry "USA"]

1. e4 c6 2. d4 d5 3. Nc3 dxe4 4. Nxe4 Nf6 5. Nxf6+ exf6 6. c3 Bd6 7. Bd3 0-0 8. Qc2 Re8+ 9. Ne2 f5 10. Bxf5 Bxf5 11. Qxf5 Nd7 12. Be3 Nb6 13. 0-0 Nc4 14. b3 g6 15. Qd3 Nxe3 16. fxe3 f5 17. Rf3 Qg5 18. Raf1 Re4 19. Ng3 Qh4 20. R1f2 Re7 21. c4 b6 22. c5 bxc5 23. dxc5 Be5 24. Rc2 Rae8 25. Qc4+ Qxc4 26. Rxc4 Rd8 27. Rc2 f4 28. Nf1 fxe3 29. Nxe3 Rd3 30. Kf2 Bd4 31. Re2 Bxc5 32. g4 h6 33. h3 Kg7 34. Re1 Re6 35. Re2 Re4 36. Re1 Bb6 37. Re2 a5 38. Re1 a4 39. bxa4 Bd4 40. a5 c5 41. a6 c4 42. Re2 c3 43. Ke1 Rexe3 44. Rfxe3 Rxe3 45. Rxe3 Bxe3 46. Kd1 Kf6 47. Kc2 Kg5 0-1

[Event "Primorsko Ropotamo"]
[Site "Primorsko"]
[Date "2022.06.06"]
[Round "8"]
[White "Ninov, Nikolai"]
[Black "Mrdja, Milan"]
[Result "1-0"]
[WhiteElo "2418"]
[BlackElo "2223"]
[PlyCount "41"]
[EventDate "2022.06.01"]
[EventType "tourn"]
[EventRounds "9"]
[EventCountry "BUL"]
[SourceTitle "EXT 2023"]
[Source "ChessBase"]
[SourceDate "2022.10.05"]
[SourceVersion "1"]
[SourceVersionDate "2022.10.05"]
[SourceQuality "1"]

1. e4 c5 2. Nf3 e6 3. d4 cxd4 4. Nxd4 a6 5. c4 Qc7 6. Nc3 Nf6 7. Be2 d6 8. 0-0 Be7 9. Be3 0-0 10. Qd2 b6 11. Rfc1 Bb7 12. f3 Nbd7 13. a4 Rac8 14. a5 bxa5 15. Nb3 Qb8 16. Nxa5 Ba8 17. b4 Bd8 18. Rcb1 Bb6 19. c5 dxc5 20. bxc5 Nxc5 21. Nc4 1-0